| 000 | 00891cam a22002653a 4500 | ||
|---|---|---|---|
| 001 | 18164 | ||
| 003 | PGUSA | ||
| 005 | 20140828083403.0 | ||
| 008 | 060413s2006||||xxu|||||s|||||000 1 eng d | ||
| 040 |
_aPGUSA _beng |
||
| 042 | _adc | ||
| 050 | 4 | _aPS | |
| 100 | 1 |
_aGlass, Montague, _d1877-1934 |
|
| 245 | 1 | 0 |
_aPotash and Perlmutter : _bTheir Copartnership Ventures and Adventures _h[electronic resource] / _cMontague Glass |
| 260 |
_bProject Gutenberg, _c2006 |
||
| 506 | _aPublic domain in the USA. | ||
| 516 | _aElectronic text | ||
| 653 | _aJewish fiction | ||
| 653 | _aClothing trade -- New York (State) -- New York -- Fiction | ||
| 653 | _aJews -- New York (State) -- New York -- Fiction | ||
| 740 | 0 | _aPotash and Perlmutter: Their Copartnership Ventures and Adventures | |
| 830 | 0 |
_aProject Gutenberg _v18164 |
|
| 856 | 4 | 0 | _uhttp://www.gutenberg.org/ebooks/18164 |
| 942 | _cEB | ||
| 999 |
_c247419 _d247419 |
||